ADMINISTRACION (Registro nro. 217644)
[ vista simple ]
| 000 -LEADER | |
|---|---|
| campo de control de longitud fija | 00745nam a2200313Ia 4500 |
| 003 - IDENTIFICADOR DE NÚMERO DE CONTROL | |
| campo de control | EC-GqESP |
| 005 - FECHA Y HORA DE LA ÚLTIMA TRANSACCIÓN | |
| campo de control | 20251105105036.0 |
| 008 - DATOS DE LONGITUD FIJA--INFORMACIÓN GENERAL | |
| campo de control de longitud fija | 250425s9999 xx 000 0 und d |
| 010 ## - NÚMERO DE CONTROL DE LA BIBLIOTECA DEL CONGRESO | |
| Número de control de LC | 32786 |
| 020 ## - NÚMERO INTERNACIONAL ESTÁNDAR DEL LIBRO | |
| Número Internacional Estándar del Libro | 970170388X |
| 041 ## - CÓDIGO DE IDIOMA | |
| Código de lengua del texto/banda sonora o título independiente | spa |
| 043 ## - CÓDIGO DE ÁREA GEOGRÁFICA | |
| Código de área geográfica | mx |
| 082 ## - NÚMERO DE LA CLASIFICACIÓN DECIMAL DEWEY | |
| Número de clasificación | 658 |
| Iniciales del Autor | ROB |
| 100 ## - ENTRADA PRINCIPAL--NOMBRE DE PERSONA | |
| Nombre de persona | ROBBINS, STEPHEN P. |
| 245 #0 - MENCIÓN DEL TÍTULO | |
| Título | ADMINISTRACION |
| 250 ## - MENCION DE EDICION | |
| Mención de edición | 6A ED. |
| 260 ## - PUBLICACIÓN, DISTRIBUCIÓN, ETC. | |
| Lugar de publicación, distribución, etc. | MEXICO |
| 260 ## - PUBLICACIÓN, DISTRIBUCIÓN, ETC. | |
| Lugar de publicación, distribución, etc. | México |
| Nombre del editor, distribuidor, etc. | PEARSON EDUCACION |
| Fecha de publicación, distribución, etc. | 2000 |
| 300 ## - DESCRIPCIÓN FÍSICA | |
| Extensión | 768 |
| 500 ## - NOTA GENERAL | |
| Nota general | Título Traducido: MANAGEMENT |
| 520 ## - RESUMEN, ETC. | |
| Sumario, etc. | MH/CIBGZ-FIMCP-2003 |
| 650 ## - PUNTO DE ACCESO ADICIONAL DE MATERIA--TÉRMINO DE MATERIA | |
| Término de materia o nombre geográfico como elemento de entrada | ADMINISTRACION |
| 650 ## - PUNTO DE ACCESO ADICIONAL DE MATERIA--TÉRMINO DE MATERIA | |
| Término de materia o nombre geográfico como elemento de entrada | CONTROL |
| 650 ## - PUNTO DE ACCESO ADICIONAL DE MATERIA--TÉRMINO DE MATERIA | |
| Término de materia o nombre geográfico como elemento de entrada | DIRECCION |
| 650 ## - PUNTO DE ACCESO ADICIONAL DE MATERIA--TÉRMINO DE MATERIA | |
| Término de materia o nombre geográfico como elemento de entrada | ORGANIZACION |
| 650 ## - PUNTO DE ACCESO ADICIONAL DE MATERIA--TÉRMINO DE MATERIA | |
| Término de materia o nombre geográfico como elemento de entrada | PLANIFICACION |
| 700 ## - ENTRADA AGREGADA--NOMBRE PERSONAL | |
| Nombre de persona | ANGEL CARLOS GONZALEZ |
| Término indicativo de función/relación | traductor |
| 942 ## - ELEMENTOS DE ENTRADA SECUNDARIOS (KOHA) | |
| Tipo de ítem Koha | Libros |
| Estatus retirado | Estado de pérdida | Estado de daño | No para préstamo | Biblioteca de origen | Biblioteca actual | Ubicación en estantería | Fecha de adquisición | Coste, precio normal de compra | Total de préstamos | Código de barras | Copia número | Nota pública | Etiqueta RFID | Tipo de ítem Koha | Fuente de la clasificación o esquema de estantería | Signatura topográfica completa |
|---|---|---|---|---|---|---|---|---|---|---|---|---|---|---|---|---|
| CENTRO DE INFORMACIÓN BIBLIOTECARIA | CENTRO DE INFORMACIÓN BIBLIOTECARIA | 31/08/2004 | 27.00 | 40970 | 1 | 0000000000000000019001 | Libros | |||||||||
| CENTRO DE INFORMACIÓN BIBLIOTECARIA | CENTRO DE INFORMACIÓN BIBLIOTECARIA | 04/09/2004 | 27.00 | 40971 | 2 | Libros | ||||||||||
| FACULTAD DE INGENIERIA MECANICA Y CIENCIAS DE LA PRODUCCION | CENTRO DE INFORMACIÓN BIBLIOTECARIA | 29/07/2004 | 28.00 | 50000 | 3 | ESPOL. CIB | 0000000000000000038172 | Libros | Clasificación Decimal Dewey | 658 ROB | ||||||
| ESCUELA DE NEGOCIOS | ESCUELA DE NEGOCIOS | 27/04/2004 | 10.00 | D-P 07192 | 9 | DONADO | ||||||||||
| ESCUELA DE NEGOCIOS | ESCUELA DE NEGOCIOS | 27/04/2004 | 10.00 | D-P 07193 | 10 | DONADO | ||||||||||
| ESCUELA DE NEGOCIOS | ESCUELA DE NEGOCIOS | 22/07/2009 | 10.00 | D-P 09735 | 11 | DONADO | ||||||||||
| ESCUELA DE NEGOCIOS | ESCUELA DE NEGOCIOS | 28/06/2009 | 10.00 | D-P 10058 | 12 | DONADO | ||||||||||
| ESCUELA DE NEGOCIOS | ESCUELA DE NEGOCIOS | 06/02/2001 | 29.00 | CP-01513 | 7 | COMPRA | ||||||||||
| ESCUELA DE NEGOCIOS | ESCUELA DE NEGOCIOS | 18/09/2001 | 35.00 | CP-01733 | 8 | |||||||||||
| FACULTAD DE INGENIERIA MECANICA Y CIENCIAS DE LA PRODUCCION | FACULTAD DE INGENIERIA MECANICA Y CIENCIAS DE LA PRODUCCION | 24/08/2004 | 28.00 | 50001 | 4 |